Flags of Peoples of the Caucasus - Statistics

General Stats
  • This quiz has been taken 189 times
    187 since last reset
  • The average score is 12 of 25
Answer Stats
Picture Hint Answer % Correct
30-35 million - Turkic Azerbaijanis / Azeris (Azerbaijan)
95%
5 million - Kartvelian Georgians (Georgia)
95%
7-10 million - Indo-European Armenians (Armenia)
94%
2 million - Northeast Caucasian, Vainakh Chechens (Chechnya, Russia)
81%
250.000 - Northwest Caucasian, Abazgi Abkhaz people (Abkhazia, de jure Georgia)
74%
600.000 - Indo-European, Iranian Ossetians (mostly North Ossetia, Russia)
71%
465.000 - Northeast Caucasian, Vainakh Ingush people (Ingushetia, Russia)
66%
125-250.000? - Northwest Caucasian, Circassian Adyghe people / Circassians (Adygea, Russia)
63%
200.000 - Mongolic Kalmyks (Kalmykia, Russia)
56%
1 million - Northeast Caucasian Avars (Dagestan, Russia)
50%
1,7 million - Northwest Caucasian, Circassian Kabardians (Turkey and Kabardino-Balkaria, Russia)
50%
700.000-1 million? - Northeast Caucasian, Eastern Samur Lezgins (Dagestan, Russia)
44%
150.000 - Northwest Caucasian, Abazgi Abaza people / Abazins (Turkey, Egypt and Karachay-Cherkessia, Russia)
36%
515.000 - Turkic Kumyks (Dagestan, Russia)
35%
600.000 - Northeast Caucasian Dargins (Dagestan, Russia)
34%
240.000 + 110.000 - Turkic Karachays + Balkars (Karachay-Cherkessia + Kabardino-Balkaria)
32%
120.000 - Turkic Nogais (Dagestan, Russia)
32%
260-930.000? - Indo-European, Iranian Talysh people (Azerbaijan and Iran)
28%
190.000 - Northeast Caucasian Laks (Dagestan, Russia)
24%
55-75.000? - Northeast Caucasian, Western Samur Rutuls (Dagestan, Russia and Azerbaijan)
20%
400-600.000 - Turkic Meskhetian/Ahiska Turks (mostly Kazakhstan and Azerbaijan)
19%
150.000 - Northeast Caucasian, Eastern Samur Tabasarans (Dagestan, Russia)
19%
34.000 - Northeast Caucasian, Eastern Samur Aghuls (Dagestan, Russia)
18%
150-200.000 - Indo-European, Armenian Hemshins (Turkey)
16%
30.000 - Northeast Caucasian, Western Samur Tsakhurs (Dagestan, Russia)
16%
No matching quizzes found
Score Distribution
Percent of People with Each Score
Percentile by Number Answered
Your Score History
You have not taken this quiz since the last reset